<?xml version="1.0" encoding="UTF-8"?>
<marc:record xmlns:marc="http://www.loc.gov/MARC21/slim">
   <marc:leader>00000nam a2200000 a 4500</marc:leader>
   <marc:datafield ind1="1" ind2=" " tag="100">
      <marc:subfield code="a">Messenger, Shannon</marc:subfield>
      <marc:subfield code="4">aut</marc:subfield>
      <marc:subfield code="e">Verfasser/-in</marc:subfield>
   </marc:datafield>
   <marc:datafield ind1="1" ind2=" " tag="100">
      <marc:subfield code="a">Nathan, David</marc:subfield>
   </marc:datafield>
   <marc:datafield ind1="0" ind2="0" tag="245">
      <marc:subfield code="a">Keeper of the lost cities - der Aufbruch</marc:subfield>
   </marc:datafield>
   <marc:datafield ind1="0" ind2="0" tag="245">
      <marc:subfield code="c">Shannon Messenger</marc:subfield>
   </marc:datafield>
   <marc:datafield ind1=" " ind2="1" tag="264">
      <marc:subfield code="a">Hamburg</marc:subfield>
      <marc:subfield code="b">Silberfisch</marc:subfield>
      <marc:subfield code="c">2021</marc:subfield>
   </marc:datafield>
   <marc:datafield ind1="1" ind2=" " tag="490">
      <marc:subfield code="a">Keeper of the lost cities</marc:subfield>
      <marc:subfield code="v">1</marc:subfield>
   </marc:datafield>
   <marc:datafield ind1="1" ind2=" " tag="520">
      <marc:subfield code="a">Angaben aus der Verlagsmeldung

Keeper of the Lost Cities - Der Aufbruch (Keeper of the Lost Cities 1) : 12 CDs / von Shannon Messenger

Fantasy-Epos mit Suchtfaktor - jetzt endlich auf Deutsch

Die zwölfjährige Sophie fühlt sich fremd in ihrer urbanen Welt. Dass sie Gedanken lesen kann, hält sie geheim. Bis ihr der smarte Junge Fitz begegnet und Sophie die Wahrheit über sich erfährt: Sie gehört dem Volk der Elfen an und ihre Heimat liegt in einer verborgenen Welt. Doch warum wurde sie in einer Menschenfamilie versteckt? Und warum begegnen manche Elfen dem Mädchen mit Argwohn und sogar Groll?
</marc:subfield>
   </marc:datafield>
   <marc:datafield ind1=" " ind2=" " tag="020">
      <marc:subfield code="a">9783745603163</marc:subfield>
      <marc:subfield code="9">9783745603163</marc:subfield>
   </marc:datafield>
   <marc:datafield ind1=" " ind2=" " tag="020">
      <marc:subfield code="a">3745603168</marc:subfield>
      <marc:subfield code="9">3745603168</marc:subfield>
   </marc:datafield>
   <marc:datafield ind1=" " ind2=" " tag="041">
      <marc:subfield code="a">ger</marc:subfield>
   </marc:datafield>
   <marc:datafield ind1="0" ind2=" " tag="490">
      <marc:subfield code="v">0</marc:subfield>
   </marc:datafield>
   <marc:datafield ind1=" " ind2=" " tag="300">
      <marc:subfield code="a">11 CDs</marc:subfield>
   </marc:datafield>
</marc:record>
